| 000 | 00523nam a2200181 i 4500 | ||
|---|---|---|---|
| 001 | 19127 | ||
| 003 | ES-MaACL | ||
| 005 | 20230906152014.0 | ||
| 007 | t| | ||
| 008 | 020522s1974 cl ||||1| spa d | ||
| 080 | _a821.134.2(83)-14"19" | ||
| 100 | 1 |
_aGonzález-Vergara, Ruth. _959013 |
|
| 245 | 1 | 0 |
_aMitosauros / _cRuth González Vergara, Alberto Zapican. |
| 260 |
_aSantiago de Chile : _b[s.n.], _c1974. |
||
| 300 |
_a100 p. ; _c19 cm. |
||
| 700 | 1 |
_aZapican, Alberto. _9118017 |
|
| 852 |
_aES-MaACL _jL-25529 _bR.131595 |
||
| 999 |
_c19127 _d19127 |
||